000 00679cam a2200241 4500
999 _c10440
_d10440
001 10440
003 BD-JhCC
005 20180426182018.0
008 180426s1971 enk 000 0 ita d
020 _a822003945
035 _a(OCoLC)ocm16192144
_a(BD-JhCC)10440
040 _aUKM
_cUKM
_dOCL
_dBD-JhCC
041 0 _aeng
082 0 _a851/.1
_218
_bPRI 1971
100 0 _a Priest, Harold Martin
245 1 4 _aThe divine comedy, Purgatorio :
_b notes ... /
_cHarold Martin Priest,
260 _aLondon :
_bCliffs Notes, Inc.,
_c1971.
300 _a121 p. ;
_c21 cm.
600 _aPurgatorio (Dante Alighieri)
650 0 _aExaminations
942 _2ddc
_cBK